Maďarská mládež 2012

Bibliographic Details
Main Author: Botošová, Viktória (Author)
Format: Article
Language:Slovak
ISSN:1335-1109
Subjects:

MARC

LEADER 00000nab a2200000 a 4500
001 vtls010580314
003 SK-MaSNL
005 20260304222001.0
008 250708c2013 xo qr|p||| |000 b|slo
015 |a SNBRB2014/02 
035 |a (uuid)571c8cf6-d3e8-4bd2-bae0-733610bc1c01 
035 |a urn:nbn:sk:snk-ab2xbz 
035 |a (urnnbn)urn:nbn:sk:snk:ar-a032bw 
038 |a SPK 
040 |a SNKBUCL  |b slo  |c SNKBUCL  |e AACR2 
041 0 |a slo 
044 |a xo  |c SK 
072 7 |a 316  |x Sociológia  |2 konspekt 
072 7 |a 316.3  |x Globálne spoločnosti. Sociálna štruktúra. Sociálne skupiny  |2 konspekt 
080 |a 316:303-053.6  |x (439)  |2 2001 
100 1 |a Botošová, Viktória  |4 aut  |9 1178151 
245 1 0 |a Maďarská mládež 2012  |c Viktória Botošová 
650 0 7 |a mládež  |2 snkbucl  |9 1575 
650 0 7 |a sociologický výskum  |2 snkbucl  |9 1011 
650 0 7 |a analýza  |2 snkbucl  |9 3815 
651 7 |a Maďarsko  |2 snkbucl  |9 16754 
655 7 |a recenzie  |2 snkbucl  |9 21907 
773 0 |t Mládež a spoločnosť  |g Roč. XIX, č. 4 (2013), s. 77-83  |x 1335-1109 
787 0 8 |i Rec.:  |a Ádám Szilvia  |t Maďarská mládež 2012  |d Budapešť : Kutatópont, 2013  |z 9789630873727 
850 |a Slovenská národná knižnica 
852 |a Slovenská národná knižnica 
954 |a odborná, vedecká literatúra pôvodná (slovenská)  |2 lita 
958 |a article27 
958 |a RC 
958 |a OND 
958 |a EUIPO 
999 |c 3160721  |d 3162651